Pays les plus proches des États-Unis - Mort subite - Statistiques

Statistiques générales
  • Ce quiz a été pris 157 fois
    62 depuis la dernière actualisation
  • Le résultat moyen est 5 sur 15
Answers on the Grid
Answers color-coded by a green-red scale on the quiz's grid according to % correct below.
États-Unis
Russie
Islande
Bahamas
Mexique
Cuba
Norvège
Finlande
Suède
Haïti
Jamaïque
Belize
République dominicaine
Guatemala
Honduras
Dominique
Costa Rica
Venezuela
Chili
Antigua-et-Barbuda
Philippines
Corée du Nord
Laos
Kiribati
Japon
Chine
Nouvelle-Zélande
Pologne
Espagne
Maroc
 
Statistiques - réponses
Réponse % Correct
Mexique
73%
Cuba
63%
États-Unis
60%
Haïti
40%
Russie
40%
Bahamas
37%
Guatemala
37%
Jamaïque
37%
Belize
30%
Honduras
23%
République dominicaine
23%
Finlande
7%
Islande
7%
Suède
7%
Norvège
3%
Aucun quiz correspondant
Distribution des résultats
% des personnes avec chaque résultat
Percentile par nombre de réponses
Votre historique - résultats
Vous n’avez pas pris ce quiz depuis la dernière actualisation